| 000 | 00509nam a2200181Ia 4500 | ||
|---|---|---|---|
| 008 | 220216s9999 xx 000 0 und d | ||
| 100 | _aChhonkar P K | ||
| 245 | 0 | _aSoil research in India : Some oversights and failures | |
| 260 |
_bJournal of the Indian Society of Soil Science _c2002 |
||
| 300 | _a328-332 | ||
| 650 | _aBioremediation | ||
| 650 | _aNutrient flow | ||
| 650 | _aOrganic farming | ||
| 650 | _aSoil biodiversity | ||
| 650 | _aSoil biotechnology | ||
| 650 | _aSoil quality | ||
| 942 | _cJS | ||
| 999 |
_c68863 _d68863 |
||